| 000 | 01352nam a2200253 i 4500 | ||
|---|---|---|---|
| 001 | 160824 | ||
| 003 | ES-MaACL | ||
| 005 | 20250730075636.0 | ||
| 008 | 990520s1783 sp |||| | spa d | ||
| 040 |
_aCCPB | B _bspa _cCCPB | B |
||
| 100 | 1 |
_aNuix, Juan ( _d1740-1783) _9130549 |
|
| 245 | 1 | 0 |
_aReflexiones imparciales sobre la humanidad de los españoles en Indias, contra los pretendidos filosofos, y politicos para servir de luz á las historias de los señores Raynal y Robertson / _cde Don Juan de Nuix de Perpiñá ; añadidas por el mismo autor ; y traducidas del idioma italiano al español por su hermano Don Josef de Nuix de Perpiñá... |
| 260 |
_aCervera : _ben la imprenta de la Pontificia y Real Universidad, _c1783. |
||
| 300 |
_aXXII, 523, [9] p. ; _c4º. |
||
| 530 | _aDisponible en formato digital. | ||
| 597 | _aSign. : [ ]1, ¶3, ¶4, ¶3, A-Z4, 2A-2Z4, 3A-3V4, X². | ||
| 600 | 1 | 4 |
_aRaynal, Guillaume-Thomas ( _d1713-1796) _9164574 |
| 600 | 1 | 4 |
_aRobertson, William ( _d1721-1793) _9164575 |
| 650 | 0 | 4 |
_aIndios de América- _xTrato recibido _913674 |
| 700 | 1 |
_aNuix y Perpiñá, José de. _986130 |
|
| 852 |
_aES-MaACL _jR-372 _z-- Enc. perg. _z-- Sello de Luis J. de la LLave _x Olim: C-3758 |
||
| 856 |
_uhttp://bdh-rd.bne.es/viewer.vm?id=0000047942&page=1 _zBiblioteca Digital Hispánica |
||
| 999 |
_c160824 _d160824 |
||